书目信息 |
| 题名: |
东北主要森林植物及其解剖图谱
|
|
| 作者: | 王庆贵 , 王洪峰 , 韩士杰 编著 | |
| 分册: | ||
| 出版信息: | 北京 科学出版社 2018 |
|
| 页数: | 457页 | |
| 开本: | 29cm | |
| 丛书名: | 东北森林植物与生境丛书 | |
| 单 册: | ||
| 中图分类: | S718.3 | |
| 科图分类: | ||
| 主题词: | 森林植物--Sen Lin Zhi Wu--研究--东北地区 | |
| 电子资源: | ||
| ISBN: | 978-7-03-051490-5 | |
| 000 | 01292nam 2200301 450 | |
| 001 | 012001003741 | |
| 005 | 20131105141618.0 | |
| 010 | @a978-7-03-051490-5@dCNY458.00 | |
| 099 | @aCAL 012018087403 | |
| 100 | @a20180710d2018 ekmy0chiy50 ea | |
| 101 | 0 | @achi |
| 102 | @aCN@b110000 | |
| 105 | @aa a 001yy | |
| 106 | @ar | |
| 200 | 1 | @a东北主要森林植物及其解剖图谱@ADong Bei Zhu Yao Sen Lin Zhi Wu Ji Qi Jie Pou Tu Pu@f王庆贵,王洪峰,韩士杰编著 |
| 210 | @a北京@c科学出版社@d2018 | |
| 215 | @a457页@c图@d29cm | |
| 225 | 2 | @a东北森林植物与生境丛书@ADong Bei Sen Lin Zhi Wu Yu Sheng Jing Cong Shu |
| 320 | @a有书目 (第450-451页) 和索引 | |
| 330 | @a本书收录东北森林植物64科168属196种,约占东北森林植物的10%。绝大多数为东北森林野生植物,少量为外来入侵植物和在林区广泛栽培并逸生的植物。其中裸子植物3科4属4种,被子植物中双子叶植物56科140属165种、单子叶植物5科24属27种。本书有植物野外彩色照片400多幅,配有科、种描述;解剖图片1000多幅,配有解剖结构名称。 | |
| 410 | 0 | @12001 @a东北森林植物与生境丛书 |
| 606 | 0 | @a森林植物@ASen Lin Zhi Wu@x研究@y东北地区 |
| 690 | @aS718.3@v5 | |
| 701 | 0 | @a王庆贵@AWang Qing Gui@4编著 |
| 701 | 0 | @a王洪峰@AWang Hong Feng@4编著 |
| 701 | 0 | @a韩士杰@AHan Shi Jie@4编著 |
| 801 | 0 | @aCN@b上海新华@c20191020 |
| 905 | @b1206483-4@dS718.3@e145@f2 | |
| 东北主要森林植物及其解剖图谱/王庆贵,王洪峰,韩士杰编著.-北京:科学出版社,2018 |
| 457页:图;29cm.-(东北森林植物与生境丛书) |
| ISBN 978-7-03-051490-5:CNY458.00 |
| 本书收录东北森林植物64科168属196种,约占东北森林植物的10%。绝大多数为东北森林野生植物,少量为外来入侵植物和在林区广泛栽培并逸生的植物。其中裸子植物3科4属4种,被子植物中双子叶植物56科140属165种、单子叶植物5科24属27种。本书有植物野外彩色照片400多幅,配有科、种描述;解剖图片1000多幅,配有解剖结构名称。 |
| ● |
| 相关链接 |
|
|
|
|
正题名:东北主要森林植物及其解剖图谱
索取号:S718.3/145
 
预约/预借
| 序号 | 登录号 | 条形码 | 馆藏地/架位号 | 状态 | 备注 |
| 1 | 1206483 | 212064834 | 第二样本阅览室/ [索取号:S718.3/145] | 在馆 | |
| 2 | 1206484 | 212064843 | 第三借阅区/ [索取号:S718.3/145] | 在馆 |